Voyages (Record no. 89805)

MARC details
000 -LEADER
campo de control de longitud fija 00469nam a2200145 i 4500
001 - NÚMERO DE CONTROL
campo de control 89805
003 - IDENTIFICADOR DE NÚMERO DE CONTROL
campo de control ES-MaACL
007 - CAMPO FIJO DE DESCRIPCIÓN FÍSICA--INFORMACIÓN GENERAL
campo de control de longitud fija t|
008 - DATOS DE LONGITUD FIJA--INFORMACIÓN GENERAL
campo de control de longitud fija 050113s1923 fr ||||1| fre d
100 1# - ENTRADA PRINCIPAL--NOMBRE DE PERSONA
Nombre de persona Laurent-Vibert, Robert.
9 (RLIN) 70639
245 10 - MENCIÓN DEL TÍTULO
Título Voyages
Resto del título : routiers, pelerins et corsaires aus echelles du Levant /
Mención de responsabilidad, etc. par R. Laurent-Vibert.
260 ## - PUBLICACIÓN, DISTRIBUCIÓN, ETC.
Lugar de publicación, distribución, etc. Paris :
Nombre del editor, distribuidor, etc. Georges Grés et Cie.,
Fecha de publicación, distribución, etc. 1923 (
Lugar de fabricación/manufactura Lyon :
Fabricante Audin et Cie.)
300 ## - DESCRIPCIÓN FÍSICA
Extensión 251 p. ;
Dimensiones 19 cm.
852 ## - LOCALIZACIÓN
Ubicación ES-MaACL
Número de control de estantería G-3398
Holdings
Estatus retirado Estado de pérdida Estado de daño No para préstamo Biblioteca de origen Biblioteca actual Ubicación en estantería Fecha de adquisición Fuente de adquisición Total de préstamos Signatura topográfica completa Código de barras Visto por última vez Precio de reemplazo Tipo de ítem Koha
        Biblioteca del Ateneo de Madrid Biblioteca del Ateneo de Madrid Depósito 2 17/01/2008     G-3398 1093787 23/02/2023 23/02/2023 Libro impreso